Proyecto Código procesal civil

Sparad:
Bibliografiska uppgifter
Institutionell upphovsman: Ministerio de Justicia (Författare, medförfattare)
Materialtyp: Bok
Språk:spanska
Publicerad: Santiago Ministerio de Justicia 2009
Ämnen:
Taggar: Lägg till en tagg
Inga taggar, Lägg till första taggen!

MARC

LEADER 00000cam a2200000 a 4500
001 UCF9111
003 CL-VaPUC
008 131025e20090500cl |||||||||||||||||spa|d
082 0 4 |a 347.83  |b MIN  |2 21 
110 2 |a Ministerio de Justicia  |e author  |9 571329 
245 1 0 |a Proyecto Código procesal civil 
300 |a 162 h 
942 |c BK 
945 |d 20131025 12:28:00  |a cmena 
260 |a Santiago  |b Ministerio de Justicia  |c 2009 
650 7 |a CODIGO PROCESAL CIVIL  |2 CL-VaPUC  |9 518959 
650 0 |a Derecho procesal civil  |9 258071 
650 7 |a PROYECTOS DE LEY  |2 CL-VaPUC  |9 388710 
650 0 |a Jurisprudencia  |9 255952 
583 |a last modification  |c 20131025 12:28:00  |k Rodrigo Vera 
999 |c 353596  |d 353594 
952 |0 0  |1 0  |2 ddc  |3 ean  |4 0  |5 1  |6 347_830000000000000_MIN_2009  |7 1  |8 C_LRYV  |9 458931  |a FDOBRV  |b BIBDER  |d 2019-11-23  |i 502093K  |o 347.83 MIN 2009  |p 502093K  |r 2019-11-23  |w 2019-11-23  |y BK_X  |z Catalogado en:20131025  |k BRV